| 000 | 01525cam a22003978a 4500 | ||
|---|---|---|---|
| 001 | 12828155 | ||
| 005 | 20021028201230.0 | ||
| 008 | 020621s2002 nyu b 001 0 eng | ||
| 010 | _a 2002073722 | ||
| 020 | _a052101686X (pb.) | ||
| 040 |
_aDLC _cDLC _dDLC |
||
| 042 | _apcc | ||
| 043 | _ae------ | ||
| 050 | 0 | 0 |
_aD217 _b.E56 2002 |
| 082 | 0 | 0 |
_a327 _221 _bEMP |
| 245 | 0 | 0 |
_aEmpires, systems and states : _bGreat transformations in international politics / _cEdited by Michael Cox, Tim Dunne, Ken Booth. |
| 260 |
_aUnited Kingdom: _bCambridge University Press, _cc2001. |
||
| 263 | _a0212 | ||
| 300 | _ap. cm. | ||
| 504 | _aIncludes bibliographical references and index. | ||
| 650 | 0 |
_aImperialism _xHistory. |
|
| 650 | 0 | _aHistory, Modern. | |
| 650 | 0 |
_aSovereignty _xHistory. |
|
| 650 | 0 |
_aGeopolitics _xHistory. |
|
| 650 | 0 |
_aState, The _xHistory. |
|
| 651 | 0 |
_aEurope _xColonies. |
|
| 651 | 0 |
_aEurope _xTerritorial expansion. |
|
| 700 | 1 |
_aCox, Michael, _d1947- |
|
| 700 | 1 |
_aDunne, Timothy, _d1965- |
|
| 700 | 1 |
_aBooth, Ken, _d1943- |
|
| 856 | 4 | 1 |
_3Table of contents _uhttp://www.loc.gov/catdir/toc/cam031/2002073722.html |
| 856 | 4 | 2 |
_3Publisher description _uhttp://www.loc.gov/catdir/description/cam0210/2002073722.html |
| 942 |
_2ddc _cBB |
||
| 999 |
_c11077 _d11077 |
||